Eastern Utah Libraries Catalog: Duchesne, Heber, Roosevelt, & Vernal

Summer (Record no. 267965)

MARC details
000 -LEADER
fixed length control field 02248nim a2200577La 4500
001 - CONTROL NUMBER
control field ocn226985044
003 - CONTROL NUMBER IDENTIFIER
control field OCoLC
005 - DATE AND TIME OF LATEST TRANSACTION
control field 20200320182655.0
006 - FIXED-LENGTH DATA ELEMENTS--ADDITIONAL MATERIAL CHARACTERISTICS--GENERAL INFORMATION
fixed length control field m e h
007 - PHYSICAL DESCRIPTION FIXED FIELD--GENERAL INFORMATION
fixed length control field cz nza
007 - PHYSICAL DESCRIPTION FIXED FIELD--GENERAL INFORMATION
fixed length control field sz zunznnnznzu
008 - FIXED-LENGTH DATA ELEMENTS--GENERAL INFORMATION
fixed length control field 080428r20081994ohunnnnes f n eng d
020 ## - INTERNATIONAL STANDARD BOOK NUMBER
International Standard Book Number 9781605149264
020 ## - INTERNATIONAL STANDARD BOOK NUMBER
International Standard Book Number 1605149268
020 ## - INTERNATIONAL STANDARD BOOK NUMBER
Terms of availability 39.99
028 00 - PUBLISHER NUMBER
Publisher number 2443
Source Playaway Digital Audio
029 0# - (OCLC)
OCLC library identifier DON
System control number faw00002443
035 ## - SYSTEM CONTROL NUMBER
System control number (OCoLC)226985044
040 ## - CATALOGING SOURCE
Original cataloging agency DON
Transcribing agency DON
Modifying agency WACOL
043 ## - GEOGRAPHIC AREA CODE
Geographic area code n-us-ma
049 ## - LOCAL HOLDINGS (OCLC)
Holding library WACL
050 14 - LIBRARY OF CONGRESS CALL NUMBER
Classification number PS3545.H16
Item number S86 2008d
082 04 - DEWEY DECIMAL CLASSIFICATION NUMBER
Classification number 813/.52
Edition number 22
092 ## - LOCALLY ASSIGNED DEWEY CALL NUMBER (OCLC)
Classification number PAD
Item number Wha
100 1# - MAIN ENTRY--PERSONAL NAME
Personal name Wharton, Edith,
Dates associated with a name 1862-1937.
9 (RLIN) 10849
245 10 - TITLE STATEMENT
Title Summer
Medium [electronic resource] /
Statement of responsibility, etc Edith Wharton.
250 ## - EDITION STATEMENT
Edition statement Unabridged.
260 ## - PUBLICATION, DISTRIBUTION, ETC. (IMPRINT)
Place of publication, distribution, etc [Solon, Ohio] :
Name of publisher, distributor, etc Playaway Digital Audio :
-- [manufactured and distributed by] Findaway World, LLC,
Date of publication, distribution, etc [released 2008], c2007.
300 ## - PHYSICAL DESCRIPTION
Extent 1 sound media player (5 hr., 30 min.) :
Other physical details digital ;
Dimensions 3 3/8 x 2 1/8 in.
500 ## - GENERAL NOTE
General note Title from Playaway label.
500 ## - GENERAL NOTE
General note Release date supplied by publisher.
500 ## - GENERAL NOTE
General note "Playaway. Audiobooks. Pre-loaded and portable."--Container.
500 ## - GENERAL NOTE
General note Previously released by Blackstone Audio, Inc., p1994.
500 ## - GENERAL NOTE
General note In container (21 x 13 x 3 cm.) with earphones, AAA battery and lanyard.
511 0# - PARTICIPANT OR PERFORMER NOTE
Participant or performer note Read by Grace Conlin.
520 ## - SUMMARY, ETC.
Summary, etc The story of Charity Royall, a New Englander of humble origins -- passionate, forthright, and proud -- and her torrid affair with Lucius Harney, an artistically inclined young man from the city.
650 #0 - SUBJECT ADDED ENTRY--TOPICAL TERM
Topical term or geographic name as entry element Guardian and ward
Form subdivision Fiction.
9 (RLIN) 5682390
650 #0 - SUBJECT ADDED ENTRY--TOPICAL TERM
Topical term or geographic name as entry element Young women
Form subdivision Fiction.
9 (RLIN) 5674220
651 #0 - SUBJECT ADDED ENTRY--GEOGRAPHIC NAME
Geographic name Berkshire Hills (Mass.)
Form subdivision Fiction.
9 (RLIN) 5700637
655 #7 - INDEX TERM--GENRE/FORM
Genre/form data or focus term Love stories.
Source of term gsafd
9 (RLIN) 5845267
655 #0 - INDEX TERM--GENRE/FORM
Genre/form data or focus term Audiobooks.
9 (RLIN) 5845268
700 1# - ADDED ENTRY--PERSONAL NAME
Personal name Conlin, Grace.
Relator code nrt
9 (RLIN) 61749
710 2# - ADDED ENTRY--CORPORATE NAME
Corporate name or jurisdiction name as entry element Blackstone Audio (Firm)
9 (RLIN) 5845269
710 2# - ADDED ENTRY--CORPORATE NAME
Corporate name or jurisdiction name as entry element Playaway Digital Audio.
9 (RLIN) 5674725
710 2# - ADDED ENTRY--CORPORATE NAME
Corporate name or jurisdiction name as entry element Findaway World, LLC.
9 (RLIN) 5674726
938 ## -
-- Donohue Group
-- DONE
-- faw00002443
942 ## - ADDED ENTRY ELEMENTS (KOHA)
Koha item type CD
948 ## - LOCAL PROCESSING INFORMATION (OCLC); SERIES PART DESIGNATOR (RLIN)
Series part designator, SPT (RLIN) 08/05/2008
z (OCLC) Sirsi
994 ## -
-- 02
-- WACOL
996 ## -
-- 64869
-- 34301000767444
-- PAD
-- CD
-- wcl
-- i
-- 18
-- 39.99
-- Recorded Books
-- Wha
-- 08/05/2008
-- 09/30/2016
-- 09/19/2016
Holdings
Withdrawn status Lost status Source of classification or shelving scheme Damaged status Not for loan Collection code Home library Current library Shelving location Date acquired Source of acquisition Cost, normal purchase price Total Checkouts Total Renewals Full call number Barcode Date last seen Date checked out Cost, replacement price Price effective from Koha item type
    Dewey Decimal Classification     Playaway Wasatch County Library Wasatch County Library Audio Visual Area 08/05/2008   39.99 21 6 Wha 34301000767444 03/01/2024 09/07/2023 39.99 03/20/2020 Playaway Pre-Loaded Audiobook Player
This project was made possible through a grant from the Institute of Museum and Library Service administered by the Utah State Library Division.

Wasatch County Library

  • 465 East 1200 South, Heber City, Utah 84032
  • Phone 435-654-1511 | Fax 435-654-6456

Hours

  • Monday - Friday 9:30 AM - 8:00 PM
  • Saturday 9:30 AM - 1:30 PM
  • Closed Sundays and Holidays